000 03209nam0a2200409 4500
001 RU\NLR\DIGIT\72430
005 20260408065258.0
035 _a(NLR Aleph) 010138243
035 _aRU\NLR\A1\UKAZ\4310
090 _a10040618
_c10040618
100 _a20030129j1800 u y0rusy50 ca
101 0 _arus
102 _aRU
135 _acrbn 001aaaba
200 1 _aУказ его императорскаго величества самодержца всероссийскаго,
_e[О рассылке указа о назначении обер-прокурора 3-го департамента Оленина управляющим Юнкерской школой при Сенате]
_eИз Московскаго губернскаго правления,
210 _a[М.
_dиюль 1800]
215 _a[1] л.
_d
304 _aТекст начинается словами: Указом Правительствующаго Сената из 1 го департамента губернскому правлению знать дано: Что имянным его императорскаго величества высочайшим указом, объявленным Сенату господином генералом от инфантерии, генерал-прокурором и кавалером Обольяниновым июня в 10 й день...
306 _aВ конце текста дата рассылки: Июля дня 1800 года
316 _aЭкз. РНБ входит в конволют с тит. л.: Указы государя императора Павла Перваго, самодержца всероссийскаго. Москва: В Сенатской типографии
_518.293.1.1-11
325 _aКопия доступна в Электрон. б-ке РНБ http://vivaldi.nlr.ru/lk000005555/view
517 1 _aУказом Правительствующаго Сената из 1 го департамента губернскому правлению знать дано: Что имянным его императорскаго величества высочайшим указом, объявленным Сенату господином генералом от инфантерии, генерал-прокурором и кавалером Обольяниновым июня в 10 й день...
600 1 _aОленин
_bА.Н.
_f1763-1843
_gАлексей Николаевич
610 _aРоссия. Законы и постановления
620 _dМосква
702 0 _aПавел
_cимп.
_dI
_f1754-1801
_4720
710 0 1 _aРоссия
_bИмператор
_c1796-1801; Павел I
_3RU\NLR\AUTH\8810042744
_9584938
801 0 _aRU
_bNLR
_c20030129
852 _aNLR
_c18.293.1.1-11-90
856 0 _uhttp://vivaldi.nlr.ru/lk000005555/view
856 1 _uhttp://vivaldi.nlr.ru/lk000005555/cover
856 2 _uhttp://vivaldi.nlr.ru/lk000005555/text
942 _cBOOK
980 _aNB
981 3 6 _a(36) Цифровой репозиторий РНБ
981 1 6 _a(16) Законодательные акты Российской империи